League of Legends Champs by Picture 2026 - Statistics

General Stats
  • This quiz has been taken 314 times
    151 since last reset
  • The average score is 116 of 172
Answer Stats
Picture Answer % Correct
Ahri
95%
Alistar
93%
Amumu
93%
Annie
93%
Ashe
91%
Aatrox
89%
Akali
89%
Akshan
89%
Aurelion Sol
88%
Blitzcrank
88%
Ekko
88%
Anivia
86%
Draven
86%
Brand
85%
Braum
85%
Caitlyn
84%
Dr. Mundo
84%
Ambessa
83%
Azir
83%
Gragas
83%
Jinx
83%
Bard
82%
Garen
82%
Corki
81%
Darius
81%
Fizz
81%
Galio
79%
Jayce
79%
Jhin
79%
Briar
78%
Gnar
78%
Miss Fortune
78%
Jax
77%
Mel
77%
Aphelios
76%
Graves
76%
Heimerdinger
76%
Irelia
76%
Janna
76%
Kayle
76%
Leona
76%
Lux
76%
Bel'Veth
75%
Camille
75%
Gangplank
75%
Katarina
75%
Lee Sin
75%
Nautilus
75%
Gwen
74%
Kayn
74%
Kha'Zix
74%
Lulu
74%
Diana
73%
Kai'Sa
73%
Teemo
73%
Cassiopeia
72%
Fiora
72%
Kog'Maw
72%
Malphite
72%
Nasus
72%
Rammus
72%
Aurora
71%
Kindred
71%
Lucian
71%
Morgana
71%
Olaf
71%
Kalista
70%
LeBlanc
70%
Lissandra
70%
Mordekaiser
70%
Neeko
70%
Nunu & Willump
70%
Poppy
70%
Cho'Gath
69%
Elise
69%
Illaoi
69%
Orianna
69%
Pantheon
69%
Riven
69%
Sett
69%
Sona
69%
Twisted Fate
69%
Vi
69%
Fiddlesticks
68%
Hecarim
68%
Ryze
68%
Shen
68%
Jarvan IV
67%
Karma
67%
Kennen
67%
Kled
67%
Lillia
67%
Maokai
67%
Renekton
67%
Rengar
66%
Tristana
66%
Ivern
65%
Malzahar
65%
Singed
65%
Karthus
64%
K'Sante
64%
Ornn
64%
Shaco
64%
Twitch
64%
Evelynn
63%
Ezreal
63%
Hwei
63%
Master Yi
63%
Senna
63%
Taric
63%
Viktor
63%
Milio
61%
Quinn
61%
Rumble
61%
Samira
61%
Warwick
61%
Nidalee
60%
Shyvana
60%
Veigar
60%
Zed
60%
Naafiri
59%
Rakan
59%
Sion
59%
Soraka
59%
Kassadin
58%
Sylas
58%
Tahm Kench
58%
Viego
58%
Yone
58%
Thresh
57%
Trundle
57%
Urgot
57%
Varus
57%
Vladimir
57%
Yasuo
57%
Yuumi
57%
Zyra
57%
Nami
56%
Qiyana
56%
Rek'Sai
56%
Skarner
56%
Smolder
56%
Syndra
56%
Talon
56%
Yorick
56%
Seraphine
55%
Swain
55%
Nocturne
54%
Sejuani
54%
Xin Zhao
54%
Nilah
53%
Pyke
53%
Rell
53%
Vayne
53%
Volibear
53%
Xayah
53%
Renata Glasc
52%
Sivir
52%
Udyr
52%
Vel'Koz
51%
Wukong
51%
Ziggs
51%
Zilean
51%
Zoe
51%
Zeri
49%
Xerath
48%
Yunara
48%
Zac
48%
Vex
47%
Taliyah
45%
Zaahen
45%
Tryndamere
44%
No matching quizzes found
Score Distribution
Percent of People with Each Score
Percentile by Number Answered
Your Score History
You have not taken this quiz since the last reset